000 00471nam a2200193Ia 4500
005 20250423100418.0
008 250422s9999 xx 000 0 und d
020 _a9780702075025
050 _aRE 46 .B38/
100 _aBatterbury, Mark
245 0 _aOphthalmology : an illustrated colour text
250 _a4th ed.
260 _aNew York
260 _bElsevier
260 _c2019
300 _a128 p
650 _aOphthalmology. Eye--Diseases.
942 _cBK
999 _c33224
_d33224